000 00539nam a22001937a 4500
005 20251108170522.0
008 250721s1997 xx 000 0 ara d
082 1 4 _a646.3/سما
100 1 _aالسمان، سامية إبراهيم لطفي
245 1 0 _aموسوعة الملابس /
264 1 _aالإسكندرية :
_c1997.
300 _a679ص
650 1 7 _aالملابس
650 1 7 _aالأزياء
650 1 7 _aتصميم الأزياء
650 1 7 _aملابس الأطفال
942 _2ddc
_cBK
999 _c42483
_d42483